000
00265nam a2200109Ia 4500
008
190914s9999||||xx |||||||||||||| ||und||
100
_a
Jean Noel Kapferer
245
0
_a
Strategic Brand Management
260
_a
USA
_b
McGraw -Hill
_c
1995
300
_a
653
942
_c
BK
999
_c
8443
_d
8443